| 000 | 00941cam a22002773a 4500 | ||
|---|---|---|---|
| 001 | 11339 | ||
| 003 | PGUSA | ||
| 005 | 20140828083235.0 | ||
| 008 | 040201s2004||||xxu|||||s|||||000 | eng d | ||
| 040 |
_aPGUSA _beng |
||
| 042 | _adc | ||
| 050 | 4 | _aPA | |
| 100 | 1 | _aAesop | |
| 245 | 1 | 0 |
_aAesop's Fables; a new translation _h[electronic resource] / _cAesop |
| 260 |
_bProject Gutenberg, _c2004 |
||
| 500 | _aSee also the early planned PG version #28, and comprehensive versions PG#21 tr. by George Fyler Townsend, and illustrated PG#18732. | ||
| 506 | _aPublic domain in the USA. | ||
| 516 | _aElectronic text | ||
| 653 | _aFables, Greek -- Translations into English | ||
| 700 | 1 |
_aChesterton, G. K. _q(Gilbert Keith), _d1874-1936 |
|
| 700 | 1 |
_aRackham, Arthur, _d1867-1939 |
|
| 700 | 1 |
_aVernon Jones, V. S. _q(Vernon Stanley) |
|
| 830 | 0 |
_aProject Gutenberg _v11339 |
|
| 856 | 4 | 0 | _uhttp://www.gutenberg.org/ebooks/11339 |
| 942 | _cEB | ||
| 999 |
_c240594 _d240594 |
||